| 000 | 00644cam a2200229Ma 4500 | ||
|---|---|---|---|
| 001 | 41032 | ||
| 005 | 20230411085955.0 | ||
| 008 | 911015s1974 sp f 000 0 spa d | ||
| 035 | _a(OCoLC)ocm48283794 | ||
| 040 |
_aEL$ _bspa _cEL$ _dOCLCQ |
||
| 035 | _a(OCoLC)48283794 | ||
| 084 |
_a170 _bV935e |
||
| 049 | _aGRAL | ||
| 100 | 1 |
_aVoltaire, Francois Marie Arouet de, _d1694 1778. |
|
| 245 | 1 | 0 |
_aEnsayo sobre la tolerancia / _cTraductor: José Antonio López de Letona. |
| 260 |
_aMadrid : _bCentro, _c[1974] |
||
| 300 |
_a156 p. ; _c21 cm. |
||
| 440 | 0 |
_aEnsayo ; _v23 |
|
| 650 | 4 | _aTolerancia. | |
| 942 |
_2lcc _cbk |
||
| 994 |
_aC0 _bDRFGD |
||
| 999 |
_c110300 _d110300 |
||